000 00290nam a22001337a 4500
008 171012b xxu||||| |||| 00| 0 eng d
020 _a9780072920963
041 _aeng
080 _27TH
_a316
100 _a50
101 _aSOC
245 _aTHE LAST DANCE
_cSPELDER,L.A
942 _2udc
_cBK
999 _c33376
_d33376